banner-ar

المسئولية الجنائية لضباط الشرطة عن قتل المتظاهرين / (Record no. 60747)

MARC details
000 -الفاتح
حقل البيانات ثابتة الطول 01221nam a22003137a 4500
005 - وقت وتاريخ اخر تعامل مع التسجيلة
رقم الضبط 20240530110426.0
008 - عناصر البيانات ثابتة الطول - معلومات عامة
حقل البيانات ثابتة الطول 150128sua ua o g 000 0 ara d
017 ## - رقم الايداع القانونى
رقم الايداع القانونى 2011/10124
المصدر ( الهيئة المختصة) مصر . دار الكتب المصرية
020 ## - الرقم الدولى المعيارى للكتب
الرقم الدولى المعيارى للكتاب 9789774382191
040 ## - مصدر الفهرسة
وكالة الفهرسة الأصلية EG-CaGPL
041 0# - رمز اللغة
رمز لغة النص/ المسارات الصوتية أو العنوان الانفرادي ara
082 04 - رقم تصنيف ديوى العشرى
رقم الطبعة 21
رقم التصنيف 364.152\
رقم المادة س م
100 0# - المدخل الرئيسى - إسم شخصى
الإسم الشخصى سمير محمد الششتاوى
245 12 - بيان العنوان
العنوان المسئولية الجنائية لضباط الشرطة عن قتل المتظاهرين /
بيان المسئوليه,etc سمير محمد الششتاوى
250 ## - بيان الطبعة
بيان الطبعة ط 1
260 ## - PUBLICATION, DISTRIBUTION, ETC. (IMPRINT)
تاريخ النشر أو التوزيع 2011
300 ## - الوصف المادى
التعداد 440 ص :
تفاصيل ماديه اخرى للوعاء صور ؛
أبعاد الوعاء 24 سم
650 04 - المدخل الاضافى بالموضوع-مصطلح موضوعى
مصطلح موضوعي ثورة 25 يناير
650 04 - المدخل الاضافى بالموضوع-مصطلح موضوعى
مصطلح موضوعي ثورة 25 يناير
التقسيم الفرعي العام قتل المتظاهرين
650 04 - المدخل الاضافى بالموضوع-مصطلح موضوعى
مصطلح موضوعي القتل العمد
650 04 - المدخل الاضافى بالموضوع-مصطلح موضوعى
مصطلح موضوعي جرائم ضد الانسانية
650 04 - المدخل الاضافى بالموضوع-مصطلح موضوعى
مصطلح موضوعي ثورة 25 يناير
التقسيم الفرعي الشكلي صور
650 04 - المدخل الاضافى بالموضوع-مصطلح موضوعى
مصطلح موضوعي لجنة تقصى الحقائق
650 04 - المدخل الاضافى بالموضوع-مصطلح موضوعى
مصطلح موضوعي الشرطة
التقسيم الفرعي العام ثورة 25 يناير
650 04 - المدخل الاضافى بالموضوع-مصطلح موضوعى
مصطلح موضوعي اقتحام السجون
651 04 - المدخل الاضافى بالموضوع - اسم جغرافى
الاسم الجغرافي مصر
التقسيم الفرعي العام تاريخ
التقسيم الفرعي الزمني العصر الحديث
التقسيم الفرعي العام ثورة 25 يناير
942 ## - عناصر المدخل الإضافي( كوها)
مصدر التصنيف او مخطط الترفيف Dewey Decimal Classification
Koha [default] item type كتاب
260 ## - PUBLICATION, DISTRIBUTION, ETC. (IMPRINT)
-- الاسكندرية :
-- المكتب الجامعى الحديث ،
Holdings
حالة التراجع حالة الفقد حالة تلف ليس للاعارة المكان المؤقت الموقع الحالى تاريخ الاكتساب اجمالي اﻻعارات رقم الطلب الباركود تاريخ اخر مشاهدة تاريخ تفعيل السعر نوع وعاء كوها
        مكتبة القاهرة الكبرى مكتبة القاهرة الكبرى 03/23/2015   364.152 س م 159857 03/23/2015 03/23/2015 كتاب

Powered By

EGPV